000 00376nam a2200097Ia 4500
008 180130s9999 xx 000 0 und d
245 _cSouhaib, Aammou; Mohamed, Khaldi; Eddine, El Kadiri Kamal
_aOntology alignment OWL-lite
260 _c2015
300 _aBook title: An integrated approach to e-learning--Acession number C20654; pages 173-184
650 _aEDUCATION--E-LEARNING
999 _c353732
_d353732